[Event "white"]
[Site "http://www.queenalice.com/game.php?id=403780"]
[Date "2008.5.16"]
[Round "-"]
[White "mbubi"]
[Black "Luiss"]
[Result "1-0"]
[WhiteElo "1856"]
[BlackElo "1718"]

1. d4 d5 2. Bf4 Nf6 3. Nf3 e6 4. e3 Be7 5. h3 Bd7 6. Bd3 c5 7. c3 c4 8. Bc2 Nc6
9. Nbd2 O-O 10. O-O Qb6 11. Qb1 Qa6 12. Ne5 Rad8 13. Ndf3 h6 14. Qd1 Nxe5 15.
Nxe5 Bd6 16. b3 Bc6 17. Qf3 Ra8 18. Bxh6 gxh6 19. Qxf6 Bxe5 20. Qxh6 f5 21.
Qxe6+ Rf7 22. Qxe5 Raf8 23. Qe6 Bd7 24. Qxa6 bxa6 25. bxc4 dxc4 26. e4 f4 27.
Bd1 Rg7 28. Kh1 Bc6 29. Bf3 Bb7 30. d5 Rg5 31. Rab1 Rf7 32. Rb4 Rc7 33. d6 Rcc5
34. Rxb7 1-0

[Event "Challenge"]
[Site "http://www.queenalice.com/game.php?id=405720"]
[Date "2008.5.20"]
[Round "-"]
[White "ORNELAS"]
[Black "Luiss"]
[Result "0-1"]
[WhiteElo "1579"]
[BlackElo "1696"]

1. b3 d5 2. Bb2 Nf6 3. g3 Nc6 4. Bg2 Bf5 5. d3 e5 6. Nd2 Bb4 7. c3 Bc5 8. Ngf3
e4 9. dxe4 dxe4 10. Ng5 Bxf2+ 11. Kxf2 Ng4+ 12. Ke1 Qxg5 13. Nf1 Rd8 14. h4
Rxd1+ 15. Rxd1 Qe7 16. c4 Qc5 17. e3 Nxe3 18. Nxe3 Qxe3+ 19. Kf1 O-O 20. Bc1
Qxg3 21. Re1 Nb4 22. Re3 Qd6 23. Ke2 Bg4+ 24. Kf2 Nd3+ 25. Kg1 Nxc1 26. Bxe4
Qd1+ 27. Kh2 Qd2+ 28. Kg3 Qxe3+ 29. Kxg4 Qxe4+ 30. Kh3 Qxh1+ 31. Kg4 Qg2+ 32.
Kf4 Nd3+ 33. Kf5 Qg6# 0-1

[Event "tie breaker challange"]
[Site "http://www.queenalice.com/game.php?id=407580"]
[Date "2008.5.24"]
[Round "-"]
[White "krazyking"]
[Black "Luiss"]
[Result "1-0"]
[WhiteElo "1690"]
[BlackElo "1709"]

1. e4 a6 2. Bc4 Nc6 3. Nc3 e5 4. a3 d6 5. d3 Qf6 6. Nd5 Qd8 7. Qf3 Be6 8. Nh3
Nd4 9. Qd1 Bxh3 10. gxh3 Nf6 11. Bg5 Be7 12. Nxe7 Qxe7 13. c3 Ne6 14. Be3 b5 15.
Bd5 Rd8 16. Bb3 c5 17. Qe2 O-O 18. O-O-O Rc8 19. Kb1 Nd7 20. Rhg1 Nb6 21. Qg4 g6
22. h4 f6 23. Bxe6+ 1-0

[Event "Challenge"]
[Site "http://www.queenalice.com/game.php?id=419399"]
[Date "2008.6.18"]
[Round "-"]
[White "Luiss"]
[Black "krazyking"]
[Result "0-1"]
[WhiteElo "1713"]
[BlackElo "1739"]

1. Nf3 d5 2. e3 Bf5 3. h3 e6 4. d3 Nc6 5. a3 Bc5 6. d4 Bb6 7. Bd2 Nf6 8. Nh4 Ne7
9. Bb5+ c6 10. Be2 h6 11. Nc3 Bh7 12. g4 Nd7 13. a4 a6 14. Bf3 c5 15. Bg2 cxd4
16. exd4 Bxd4 17. Nf3 Ba7 18. Bf4 Bb8 19. Bxb8 Qxb8 20. Qd4 O-O 21. O-O-O b5 22.
a5 Rc8 23. Rd2 b4 24. Nd1 Qc7 25. Qxb4 Nc6 26. Qa3 Nxa5 27. Qc3 Qxc3 28. bxc3
Nc4 29. Re2 a5 30. Nd4 Ra6 31. Nb2 Ndb6 32. f4 a4 33. Nxc4 Nxc4 34. Ree1 Rb8 35.
f5 a3 36. Nb3 Na5 37. Nc5 Rc6 38. Nd7 Rxc3 39. Nxb8 Nb3+ 40. Kb1 Nd4 41. Bf1
Rxc2 42. Bd3 a2+ 43. Ka1 Nb3# 0-1

[Event "rwir two"]
[Site "http://www.queenalice.com/game.php?id=420466"]
[Date "2008.6.20"]
[Round "-"]
[White "Semao"]
[Black "Luiss"]
[Result "1-0"]
[WhiteElo "1987"]
[BlackElo "1683"]

1. e4 a6 2. Bc4 d6 3. Nf3 Nc6 4. O-O e5 5. d4 Bg4 6. Qd3 exd4 7. Nxd4 Ne5 8. Qb3
Nxc4 9. Qxc4 c5 10. Nf5 b5 11. Qc3 Qf6 12. Qd3 Bxf5 13. exf5 Ra7 14. Nc3 Ne7 15.
Re1 Qd4 16. Qf3 Rd7 17. Qa8+ Rd8 18. Qc6+ 1-0

[Event "rwir two"]
[Site "http://www.queenalice.com/game.php?id=420467"]
[Date "2008.6.20"]
[Round "-"]
[White "Luiss"]
[Black "Semao"]
[Result "1-0"]
[WhiteElo "1679"]
[BlackElo "1991"]

1. Nf3 g6 2. Nc3 Bg7 3. d4 d6 4. h3 Nf6 5. Bg5 O-O 6. e4 h6 7. Bh4 g5 8. Bg3 Nh5
9. Bh2 Nf4 10. Qd2 e5 11. O-O-O Nc6 12. Bxf4 exf4 13. Bc4 Na5 14. Bb5 c6 15. Be2
b5 16. Nh2 Nb7 17. Bg4 f5 18. Bf3 1-0

[Event "Alessin"]
[Site "http://www.queenalice.com/game.php?id=420766"]
[Date "2008.6.20"]
[Round "-"]
[White "Alain91"]
[Black "Luiss"]
[Result "1-0"]
[WhiteElo "2021"]
[BlackElo "1717"]

1. e4 Nc6 2. d4 e6 3. Nf3 Nf6 4. Bg5 Bb4+ 5. c3 Be7 6. Bd3 Ng4 7. Bxe7 Qxe7 8.
h3 Nf6 9. Nbd2 Nh5 10. g3 d6 11. Qc2 a6 12. O-O-O Bd7 13. d5 Ne5 14. Nxe5 dxe5
15. Nc4 a5 16. Be2 Qg5+ 17. Kb1 b5 18. dxe6 Bxe6 19. h4 Qh6 20. Nxe5 Rb8 21. Nc6
Bxa2+ 22. Kxa2 Qxc6 23. Bxh5 O-O 24. Kb1 a4 25. Bg4 Rbe8 26. Bd7 Qxe4 27. Bxe8
Qxc2+ 28. Kxc2 Rxe8 29. Rd7 c5 30. Rhd1 1-0

[Event "Let's Play Chess!"]
[Site "http://www.queenalice.com/game.php?id=423344"]
[Date "2008.6.26"]
[Round "-"]
[White "inguitar"]
[Black "Luiss"]
[Result "1-0"]
[WhiteElo "1829"]
[BlackElo "1698"]

1. e4 a6 2. Nf3 d6 3. d4 Bg4 4. Bc4 Nc6 5. h3 Bd7 6. Nc3 e6 7. O-O Be7 8. e5
dxe5 9. dxe5 b5 10. Bd3 Na7 11. Re1 b4 12. Ne4 Nc6 13. Be3 Bh4 14. Nxh4 Qxh4 15.
Nc5 a5 16. Nxd7 1-0

[Event "rev"]
[Site "http://www.queenalice.com/game.php?id=426346"]
[Date "2008.7.2"]
[Round "-"]
[White "Alain91"]
[Black "Luiss"]
[Result "1-0"]
[WhiteElo "2054"]
[BlackElo "1687"]

1. e4 e5 2. f4 exf4 3. Bc4 Qh4+ 4. Kf1 Bc5 5. d4 Be7 6. Nf3 Qg4 7. h4 h5 8. Nc3
Nf6 9. e5 Ng8 10. Nd5 b6 11. Nxc7+ Kf8 12. Be2 Qf5 13. Nxa8 Bd8 14. Qd2 Ne7 15.
Bd3 Qg4 16. Be4 Nbc6 17. d5 Na5 18. b3 Bb7 19. Rh3 Nf5 20. Ba3+ Kg8 21. Qb4 Kh7
22. Nd4 g6 23. Nxf5 gxf5 24. Bf3 Qg6 25. Qxf4 Qh6 26. Qxf5+ Qg6 27. Qxd7 Bxa8
28. Be4 Qxe4 29. Qxf7+ 1-0

[Event "Challenge"]
[Site "http://www.queenalice.com/game.php?id=455500"]
[Date "2008.8.29"]
[Round "-"]
[White "Luiss"]
[Black "Pato"]
[Result "0-1"]
[WhiteElo "1685"]
[BlackElo "2051"]

1. e4 Nc6 2. d4 e5 3. d5 Nce7 4. d6 Ng6 5. dxc7 Qxc7 6. a3 Nf6 7. f3 Bc5 8. Ne2
O-O 9. Nbc3 d6 10. Ng3 Be6 11. Bd2 Rad8 12. Bg5 Qb6 13. Nge2 d5 14. Bd2 dxe4 15.
Na4 Bf2# 0-1

[Event "Let's Play Chess!"]
[Site "http://www.queenalice.com/game.php?id=462806"]
[Date "2008.9.14"]
[Round "-"]
[White "Luiss"]
[Black "Mehe"]
[Result "0-1"]
[WhiteElo "1707"]
[BlackElo "2254"]

1. Nc3 Nf6 2. e4 e5 3. d4 exd4 4. Qxd4 Nc6 5. Qe3 Bb4 6. Bd2 O-O 7. O-O-O Re8 8.
Bd3 d5 9. Nb5 a6 10. Nd4 Ng4 11. Nxc6 Nxe3 12. Nxd8 Nxd1 13. Kxd1 Bxd2 14. Kxd2
dxe4 15. Be2 Rxd8+ 16. Kc1 Be6 17. b3 a5 18. a4 Rd6 19. Kb2 Rd2 20. h3 Rad8 21.
Kc3 Bf5 22. g4 Bg6 23. Rh2 e3 24. fxe3 Rxc2# 0-1

[Event "Let's Play Chess!"]
[Site "http://www.queenalice.com/game.php?id=462813"]
[Date "2008.9.14"]
[Round "-"]
[White "filomenos"]
[Black "Luiss"]
[Result "0-1"]
[WhiteElo "1803"]
[BlackElo "1705"]

1. d4 d5 2. Nc3 Nc6 3. g3 e6 4. Bg2 Be7 5. Nf3 Nf6 6. Bf4 a6 7. O-O Bd6 8. Bxd6
Qxd6 9. a3 O-O 10. Re1 Ne4 11. Qd3 f5 12. e3 Rf6 13. Nd2 Nxc3 14. Qxc3 e5 15.
Nb3 e4 16. Qd2 a5 17. Rac1 b6 18. c4 dxc4 19. Rxc4 a4 20. Rec1 Bd7 21. d5 axb3
22. Rxc6 Bxc6 23. Rxc6 Qe5 24. Rxc7 Qxc7 0-1

[Event "Challenge"]
[Site "http://www.queenalice.com/game.php?id=464088"]
[Date "2008.9.16"]
[Round "-"]
[White "Luiss"]
[Black "Semao"]
[Result "0-1"]
[WhiteElo "1759"]
[BlackElo "1952"]

1. Nf3 g6 2. c3 Bg7 3. e4 d6 4. d4 Nf6 5. Bd3 O-O 6. h3 Nc6 7. d5 Ne5 8. Nxe5
dxe5 9. Nd2 Nh5 10. Nc4 e6 11. Qf3 f5 12. Ne3 exd5 13. Nxd5 c6 14. Ne3 Qxd3 15.
Nf1 fxe4 16. Qxd3 exd3 17. Be3 Nf4 18. Rh2 Ne2 19. Rd1 e4 20. Kd2 Be6 21. Bc5
Rf7 22. Ke3 Bh6+ 23. Kxe4 Bd5+ 24. Kxd3 Nf4+ 25. Kc2 Be4+ 26. Kb3 a5 27. Ne3 Nd3
28. Ng4 Nxc5+ 29. Kc4 Bf8 30. f3 b5+ 0-1

[Event "Challenge"]
[Site "http://www.queenalice.com/game.php?id=467097"]
[Date "2008.9.23"]
[Round "-"]
[White "Luiss"]
[Black "Pato"]
[Result "0-1"]
[WhiteElo "1770"]
[BlackElo "2027"]

1. e4 Nc6 2. d4 e5 3. d5 Nce7 4. Nc3 f5 5. Qh5+ g6 6. Qf3 Nf6 7. Bg5 Bg7 8. exf5
Nxf5 9. Qe2 O-O 10. Ne4 d6 11. Nc3 h6 12. Bxf6 Qxf6 13. Qe4 Ng3 14. Qf3 Nxh1 15.
Ne4 Qh4 16. Qe3 Bf5 17. Ng3 Nxg3 18. hxg3 Qb4+ 19. Qc3 Qb6 20. Qa3 Bxc2 21. f3
Qxg1 22. Qc3 Ba4 23. Qd2 e4 24. Qf2 Qxf2+ 25. Kxf2 exf3 26. gxf3 Bxb2 27. Rb1
Bd4+ 28. Kg2 Bb6 29. Bd3 Kg7 30. Rb4 Bd1 31. Be4 Rf6 32. Rb1 Ba4 33. Rh1 Raf8
34. f4 Bd7 35. Kf3 g5 36. Rh5 gxf4 37. g4 Be8 38. Rh4 Bg6 39. Bxg6 Kxg6 40. Rh5
Re8 41. Rh1 Re3+ 42. Kf2 Rh3+ 0-1

[Event "Challenge"]
[Site "http://www.queenalice.com/game.php?id=467099"]
[Date "2008.9.23"]
[Round "-"]
[White "Luiss"]
[Black "Mehe"]
[Result "0-1"]
[WhiteElo "1725"]
[BlackElo "2267"]

1. d4 Nf6 2. Nc3 d5 3. Nf3 g6 4. Qd3 Bg7 5. Qb5+ c6 6. Qc5 O-O 7. e3 a5 8. Na4
b5 9. Nb6 Ne4 10. Qa3 b4 11. Qb3 Qxb6 12. Nd2 a4 13. Qd3 Ba6 0-1

[Event "AUTO-OPEN-1073"]
[Site "http://www.queenalice.com/game.php?id=469708"]
[Date "2008.9.28"]
[Round "2"]
[White "alexsoncini"]
[Black "Luiss"]
[Result "1-0"]
[WhiteElo "1993"]
[BlackElo "1777"]

1. e4 Nf6 2. d3 d6 3. f4 Bg4 4. Be2 Qd7 5. Bxg4 Nxg4 6. Nf3 h6 7. Nc3 e6 8. O-O
d5 9. exd5 exd5 10. h3 Nf6 11. Re1+ Be7 12. Qe2 Nc6 13. Ne5 O-O 14. Nxd7 1-0